00434nam a2200145Ia 4500008004100000020001500041041001200056082001800068100002600086245006000112260003600172300000800208400002400216650004800240231217s9999 xx 000 0 und d a8176254711 aEnglish a370 HAV;1 R aHavighurst, Robert J. 0aProphets of education Vol.15 : on society and education c2004bSarup and SonsaNew Delhi a524 aA continuing series aProphets,education,Vol.15,society,education